Online
Catalog
Normal view MARC view

Entry Nombre de reunión

Number of records used in: 1

001 - NÚMERO DE CONTROL

  • campo de control: 85526

003 - IDENTIFICADOR DEL NÚMERO DE CONTROL

  • campo de control: DO-SdBNP

005 - FECHA Y HORA DE LA ÚLTIMA TRANSACCIÓN

  • campo de control: 20240521144444.0

008 - DATOS DE LONGITUD FIJA

  • campo de control de longitud fija: 240521|| aca||aabn | a|a d

040 ## - FUENTE DE LA CATALOGACIÓN

  • Centro catalogador/agencia de origen: DO-SdBNP
  • Centro/agencia transcriptor: DO-SdBNP

111 ## - ENCABEZAMIENTO--NOMBRE DE CONGRESO/REUNIÓN

  • Nombre de congreso/reunión o jurisdicción como elemento de entrada: Encuentro Internacional de Administradores de Procesos Electorales
  • Sede del congreso/Lugar de la reunión: Santo Domingo, República Dominicana)
  • Fecha del congreso/reunión: 2008 :
  • Número del congreso/reunión o número de parte o sección: (1

670 ## - FUENTE DE DATOS ENCONTRADOS

  • Cita de la fuente: Work cat.: (DO-SdBNP)56714: Encuentro Internacional de Administradores de Procesos Electorales Santo Domingo, República Dominicana) 2008 : (1 :, Encuentro Internacional de Administradores de Procesos Electorales /

Powered by Koha